000 01167namaa22002291 4500
001 173985
003 ES-MaACL
005 20250902063114.0
008 100204s1900 sp |||| | spa d
100 1 _aLópez Silva, José,
_d1861-1925
_973986
245 1 3 _aEl gatito negro
_b: humorada cómico-lírica en un acto, dividido en cuatro cuadros en prosa y verso /
_clibro de J. López Silva y Carlos Fernández Shaw ; música del maestro Ruperto Chapí.
260 _aMadrid :
_bSociedad de Autores Españoles :
_bArregui y Aruej,
_c1900 (
_fImp. de los Hijos de M. G. Hernández)
300 _a43 p. ;
_c20 cm.
490 1 _aBiblioteca lírico-dramática y teatro cómico
500 _aEn port.: Estrenada en el teatro de Apolo la noche del 3 de mayo de 1900.
500 _aSolo la letra.
700 1 _aFernández-Shaw, Carlos,
_d1865-1911
_950098
700 1 _aChapí, Ruperto,
_d1851-1909
_938014
830 0 0 _aBiblioteca lirico-dramática y teatro cómico
_9188056
852 _aES-MaACL
_jF-8638(3)
_z.- Enc. pasta española
_zEnc. en un vol. facticio formando parte de la col. facticia "Teatro español moderno", vol. 93
999 _c173985
_d173985